000 00506nam a2200181Ia 4500
008 151018s9999 xx 000 0 und d
082 _bRBASDV29699
_a891.463
100 _aभाऊ पाध्ये
245 _aराडा
250 _b2
260 _bअक्षय प्रकाशन पुणे
_c1997
300 _a127
600 _aभाऊ पाध्ये
630 _aराडा
700 _aभाऊ पाध्ये
730 _aराडा
942 _cBOOK
999 _c1029245
_d1029242